Statistiques concernant Pays le plus peuplé par les deux premières lettres

Cliquez ici pour prendre le quiz!

Statistiques générales

  • Ce quiz a été pris 192 fois
  • Le résultat moyen est 17 sur 24

Statistiques - réponses

populationpays% Correct
CH1371,2 milChine
93%
BO10,7 milBolivie
86%
TU78,7 milTurquie
86%
AR43,4 milArgentine
83%
AF55,4 milAfrique du Sud
81%
NI182,2 milNigeria
79%
AN25,0 milAngola
78%
IR79,1 milIran
78%
AL81,4 milAllemagne
77%
CA35,9 milCanada
77%
PA188,9 milPakistan
77%
BE11,3 milBelgique
69%
SO40,5 milSoudan
69%
TA53,5 milTanzanie
65%
SU9,8 milSuède
64%
BA161,0 milBangladesh
63%
SE15,1 milSénégal
62%
GU16,3 milGuatemala
60%
LI6,3 milLibye
59%
NE28,5 milNépal
59%
MO27,1 milMozambique
54%
BU18,1 milBurkina Faso
53%
MA34,4 milMaroc
51%
SA6,2 milSalvador
37%

Distribution des résultats

Percentile par nombre de réponses

% des personnes avec chaque résultat

Votre développement - résultats

Vous n’avez pas pris ce quiz